zpět

Detail výsledku týmu

U Rybníčka, Ořechov

Datum a čas kvízu

28 Celkem bodů Celkový počet nahraných bodů na tomto kvízu bez doplňovacích otázek.
1. Pořadí na kvízu Konečné umístění týmu na tomto kvízu.

Zaznamenané odpovědi

# Otázka Odpověď Body Výsledky
1. Hned tři akce naráz přerušilo... Kateřina Marie Tichá 0
2. Francouzský europoslanec Rapha... socha Svobody 1
3. Minulý týden jsme se dozvěděli... o akvadukt 0
4. Česká společnost Snuggs se sta... menstruační kalhotky 0
5. Jak se jmenuje vítěz ankety Fo... Tomáš Souček; West Ham (United) 0.5
6. Podíváme se na temné stránky d... (první) pražská defenestrace 0
7. Doba pobělohorská znamenala zá... Obnovené zřízení zemské 0
8. První světová válka znamenala... Osmanská říše 1
9. V období tzv. Protektorátu se... Mašín 0
10. Seřaďte tyto komunistické prez... 1B 2C 3D 4A 1